000
00328nam a2200133Ia 4500
008
240624s9999 xx 000 0 und d
041
_a
eng
082
_a
828 BAN
100
_a
BANSAL RASHMI
245
_a
CONNECT THE DOTS
260
_c
2010
_a
Ahmedabad
_b
Eklavya Education Foundation
300
_a
305 p.; 23 cm.
365
_c
RS
999
_c
31762
_d
31762